| 000 | 00638nam a2200241Ia 4500 | ||
|---|---|---|---|
| 003 | OSt | ||
| 005 | 20221007110303.0 | ||
| 006 | a|||||r|||| 00| 0 | ||
| 007 | ta | ||
| 008 | 221006b |||||||| |||| 00| 0 eng d | ||
| 024 | _a20,794 | ||
| 037 | _cTextual | ||
| 040 |
_aLCO _cLCO _beng |
||
| 041 |
_2eng _aeng |
||
| 082 | _aZ1, L6 | ||
| 100 | _aSharma S.P. | ||
| 245 | 0 | _aInternational Boundary Disputes and International Law | |
| 260 |
_aBombay _bN.M.Tripathi Pvt .Ltd. India _c1976 |
||
| 300 | _a323 | ||
| 650 |
_aBOUNDARY DISPUTES _9707280 |
||
| 942 |
_hZ1, L6 _cTEXL |
||
| 999 |
_c1190357 _d1190357 |
||